000 00729nam a22002057a 4500
999 _c13381
_d13381
003 AR-CdUCM
008 190415b ||||| |||| 00| 0 spa d
040 _aMUNICIPALIDAD PROVINCIAL DEL CUSCO
_cBIBLIOTECA MUNICIPAL DEL CUSCO
082 _a291.35 /
_bT277
100 _aTello Abanto, Rodolfo
_931782
245 _aPoblaciones indígenas de la reserva de la biósfera del Manu /
260 _aCusco :
_bPantigozo,
_c2003.
300 _a32 páginas ;
_bFotografías,,
_c19 cm.
505 _aContenido: Poblaciones indígenas de la reserva del Manu.
650 _aBiosfera del Manu
_931783
650 _aPoblaciones indigenas
_931784
650 _aComunidades nativas
_931785
942 _2ddc
_cLIBROS
945 _adavv
_d15/04/2019